L'onda dell'incrociatore /

Guardado en:
Detalles Bibliográficos
Autor principal: Quarantotti Gambini, Pier Antonio (Autor)
Otros Autores: Saba, Umberto
Formato: Libro
Lenguaje:italiano
Publicado: Torino : G. Einaudi, 1962
Edición:4. ed
Colección:I coralli ; 8
Etiquetas: Agregar Etiqueta
Sin Etiquetas, Sea el primero en etiquetar este registro!

MARC

LEADER 00000nam a22000007i 4500
001 IT\ICCU\SBL\0041789
003 ItRI
005 20260115232334.0
008 910930s1962 it |||||| ||||| |||||c
015 |2 IT  |a 624481 
040 |b ita  |c importazione bologna sebina 
041 7 |a ita  |2 ISO-639-2 
082 |a 853.91  |9 NARRATIVA ITALIANA. SEC. 20.  |2 16 
100 1 |a Quarantotti Gambini, Pier Antonio  |0 IT\ICCU\RAVV\001264  |4 aut 
240 1 2 |a L'onda dell'incrociatore  |3 IT\ICCU\TSA\1414504  |9 Quarantotti Gambini, Pier Antonio 
245 1 2 |a L'onda dell'incrociatore /  |c P. A. Quarantotti Gambini. 
250 |a 4. ed 
260 |a Torino :  |b G. Einaudi,  |c 1962 
300 |a 229 p. ;  |c 19 cm 
500 |a Precede una lettera di Umberto Saba 
700 1 |a Saba, Umberto  |0 IT\ICCU\CFIV\005845 
790 0 |a Umberto : di Monreale  |3 IT\ICCU\AUFV\001410  |z Saba, Umberto 
790 1 |a Poli, Umberto,  |d  (1883-1957)  |3 IT\ICCU\CFIV\005846  |z Saba, Umberto 
790 1 |a Quarantotti Gambini, Pierantonio  |3 IT\ICCU\AUFV\001414  |z Quarantotti Gambini, Pier Antonio 
790 1 |a Quarantotti Gambini, P. A.  |3 IT\ICCU\AUFV\001415  |z Quarantotti Gambini, Pier Antonio 
790 1 |a Quarantotto Gambini, P. A.  |3 IT\ICCU\BVEV\265403  |z Quarantotti Gambini, Pier Antonio 
830 2 |a I coralli ;  |v 8  |0 IT\ICCU\RAV\0002201 
942 |2 ddc  |c BK  |n 0 
952 |0 0  |1 0  |4 0  |6 DOC_853_914000000000000_QUA  |7 0  |9 24423  |a BO  |b BO  |d 2026-01-15  |i 9721  |l 0  |o DOC 853.914 QUA  |p BO9721  |r 2026-01-15 23:23:34  |w 2026-01-15  |x [Sebina 5] [1 v.]  |y BK  |z 1 v. 
999 |c 20793  |d 20793